000 00948cac a22002411u 4500
090 _c2049
008 081109t2006 xxu||||| |||| 00| 0 eng d
010 _a2005007744
020 _a0131485415 (pbk.)
035 _a(OCoLC)ocm58604760
082 0 0 _a158.4
_bN14
100 _aNahavandi, Afsaneh.
245 1 4 _aThe art and science of leadership /
_cAfsaneh Nahavandi.
250 _a4th ed.
260 _aUpper Saddle River, N.J. :
_bPearson/Prentice Hall,
_c2006.
300 _axv, 344 p. :
_bill. ;
_c24 cm.
504 _aIncludes bibliographical references (p. 307-332) and indexes.
650 0 _aLeadership.
650 0 _aLeadership
_vCross-cultural studies.
856 4 1 _3Table of contents
_uhttp://www.loc.gov/catdir/toc/ecip059/2005007744.html
942 _cBB
_k158.4N14
_2ddc
999 _c2049
_d2049